Rang de la population française en Europe par période - Statistiques

Statistiques générales
  • Ce quiz a été pris 42 fois
  • Le résultat moyen est 3 sur 7
Statistiques - réponses
Hint Explanation Réponse % Correct
Jusqu'en 1795 1
74%
De 1796 à 1866 Derrière la Russie 2
71%
De 1867 à 1911 Derrière la Russie et l'Allemagne 3
55%
De 1912 à 1931 Derrière la Russie, l'Allemagne et le Royaume-Uni 4
45%
De 1932 à 1991 Derrière la Russie, l'Allemagne, le Royaume-Uni et l'Italie 5
37%
Depuis 2000 Derrière la Russie et l'Allemagne 3
34%
De 1992 à 2000 Derrière la Russie, l'Allemagne et le Royaume-Uni 4
29%
Aucun quiz correspondant
Distribution des résultats
% des personnes avec chaque résultat
Percentile par nombre de réponses
Votre historique - résultats
Vous n’avez pas pris ce quiz